Diseño industrial mexicano e internacional : memoria y futuro /

Uloženo v:
Podrobná bibliografie
Hlavní autor: Comisarenco Mirkin, Dina (autor)
Médium: Kniha
Jazyk:španělština
Vydáno: México : Trillas, 2006, c2006
Témata:
Tagy: Přidat tag
Žádné tagy, Buďte první, kdo vytvoří štítek k tomuto záznamu!

MARC

LEADER 00000nam^a2200000^a^4500
001 000356619
005 20250521000000.0
008 150710 20062006
009 20260310115236.064
020 |a 968-24-7343-8 
037 |a Acervo ITESO - Biblioteca 
041 |a ESP 
082 |a 745. 20972  |b COM 
100 |a Comisarenco Mirkin, Dina  |e (autor) 
245 1 0 |a Diseño industrial mexicano e internacional :  |b memoria y futuro /  |c D. Comisarenco Mirkin. 
264 4 |a México :  |b Trillas,  |c 2006, c2006 
300 |a 254 p. 
336 |a texto  |b txt  |2 rdacontenido 
337 |a sin mediación  |b n  |2 rdamedio 
338 |a volumen  |b nc  |2 rdasoporte 
649 |a XX 
650 |a Diseño Industrial -  |z México -  |x Tema Principal 
650 |a Diseño Industrial -  |z México -  |x Historia y Crítica 
650 |a Diseño Industrial -  |z México -  |x Historia y Crítica 
650 |a Diseño Industrial -  |z México -  |x Estudio y Enseñanza 
650 |a Diseño Industrial -  |x Tema Principal 
650 |a Diseño Industrial -  |x Historia y Crítica 
650 |a Diseño Industrial -  |x Historia y Crítica 
650 |a Diseño Industrial -  |x Estudio y Enseñanza 
910 |a Fondo General 
920 |a Impresos - Libros 
930 |a Colección General 
905 |a 101 
901 |a 0500249224  |b IT1  |c ACC  |i C146862  |u 20250521 
902 |a https://opac.biblio.iteso.mx/vufind/Record/000356619